000 00552nam a2200181 i 4500
001 51264
003 ES-MaACL
005 20240524062948.0
007 t|
008 030812s1917 xxk |||| | eng d
100 0 _aChesterton, G. K.,
_d1874-1936
_938399
245 1 2 _aA short history of England /
_cby G.K. Chesterton.
260 _aLondon :
_bChatto and Windus,
_c1917 (
_fWilliam Clowes and Sons)
300 _a242 p. ;
_c20 cm.
651 4 _aGran BretaƱa-
_xHistoria.
_98752
852 _aES-MaACL
_jC-992
999 _c51264
_d51264